| 000 | 00574nam a22001937a 4500 | ||
|---|---|---|---|
| 005 | 20170816123603.0 | ||
| 010 | _aENG-119693 | ||
| 020 | _c1180.00 | ||
| 035 | _aEN-103225 | ||
| 037 | _bDBAD/PUB | ||
| 082 | _a572.982 | ||
| 100 | _aReddy, V. Rami | ||
| 245 |
_aGeneral anthropology / _cby V. Rami Reddy |
||
| 260 |
_aTirupati (AP) _bV. Indira _c2012 |
||
| 270 |
_a8-30, (Opp.) Vidyanagar, SVUNT Colony, _bTirupati (AP) _e517502 |
||
| 300 |
_axii,289p. _c26cm(pbk) |
||
| 500 | _aIncludes bibliographical references | ||
| 942 |
_2ddc _cEN _h572.982 _mRED |
||
| 999 |
_c143399 _d143399 |
||